| 000 | 004480000a22001210004500 | ||
|---|---|---|---|
| 090 |
_aAS _bSeriadas |
||
| 245 | 1 | 0 | _aEleutherodactylus of the taeniatus complex in western Colombia: taxonomy and distribution |
| 041 | 0 | _aInglés | |
| 700 | 1 |
_aArdila Robayo, María Cristina _94334 |
|
| 100 | 1 |
_aLynch, John D. _992907 |
|
| 942 | _cARTICULO | ||
| 773 | 1 |
_tRevista de la Academia Colombiana de Ciencias Exactas, Fisicas y Naturales _332 _h89 _q615-624 _d1999 _g23 |
|
| 999 |
_c14190 _d14190 |
||